Teória oceňovania nehnuteľností
Saved in:
| Main Author: | |
|---|---|
| Format: | Book |
| Language: | Slovak |
| Published: |
Bratislava :
STU v Bratislave SvF ÚSZ,
2002
|
| Tags: |
No Tags, Be the first to tag this record!
|
MARC
| LEADER | 00000nam a22000003a 4500 | ||
|---|---|---|---|
| 001 | stu128114 | ||
| 005 | 20200914094538.8 | ||
| 008 | 061018s2002----xo------------------slo-d | ||
| 020 | |a 80-227-1780-0 | ||
| 040 | |a STU |b slo | ||
| 041 | 0 | |a slo | |
| 044 | |a xo | ||
| 080 | |a 332.6 | ||
| 080 | |a 338.5 | ||
| 080 | |a 658.8 | ||
| 080 | |a 69 | ||
| 100 | 1 | |a Bradáč, Albert |4 aut | |
| 245 | 1 | |a Teória oceňovania nehnuteľností | |
| 260 | |a Bratislava : |b STU v Bratislave SvF ÚSZ, |c 2002 | ||
| 300 | |a 156 s | ||
| 996 | |b 284V017803 |c V*8983/K-2136 |l VVT |s A |a 24 |w stu128114_0001 | ||